000 00980nam a22003017a 4500
001 7278
003 FISKH
005 20250708085619.0
008 250708b cb ||||| |||| 00| 0 eng d
020 _a046594003959
040 _aFISKH
_beng
_cFISKH
_dFISKH
050 _aPZ7.W7802 M
082 _a028
100 _aWiseman, Bernard
_d (1922–1995)
245 _aMorris goes to school /
_cBy Bernard wiseman
250 _aThis edition first published in 1983
260 _aNew York :
_bHarper Trophy,
_c1970
300 _a64 pages :
_bcolor illustrations ;
_c23 cm
490 _aPres grade
_vLevel 1
505 _aG
520 _aMorris the moose has an exciting day in school learning the alphabet, counting, singing, spelling, and doing other things that make him a unique moose.
521 8 _a400
_bLexile
521 8 _aG
_bRaz-Plus
650 _2Early reader
_aPicture book
650 _2Beginning reader
_aAnimals
942 _2ddc
_cBK
_n0
999 _c7278
_d7278